The young surveyor's preceptor (Record no. 114216)
[ view plain ]
| 000 -LEADER | |
|---|---|
| fixed length control field | 00667cam a22001815a 4500 |
| 001 - CONTROL NUMBER | |
| control field | L156370 |
| 008 - FIXED-LENGTH DATA ELEMENTS--GENERAL INFORMATION | |
| fixed length control field | 120515s1848 xxk f 000 0 eng d |
| 035 ## - SYSTEM CONTROL NUMBER | |
| System control number | (Sirsi) u156370 |
| 041 0# - LANGUAGE CODE | |
| Language code of text/sound track or separate title | eng |
| 100 1# - MAIN ENTRY--PERSONAL NAME | |
| Personal name | Reid, John |
| 245 04 - TITLE STATEMENT | |
| Title | The young surveyor's preceptor |
| Remainder of title | a clear and comprehensive analysis of the art of architectural mensuration; being a familiar practical system ... of every description of builder's work ... |
| 260 ## - PUBLICATION, DISTRIBUTION, ETC. | |
| Place of publication, distribution, etc. | London |
| Name of publisher, distributor, etc. | J. Basevi |
| Date of publication, distribution, etc. | [1848] |
| 300 ## - PHYSICAL DESCRIPTION | |
| Extent | iv, [5]-193, [2] p. |
| Other physical details | plates |
| Dimensions | 28 cm. |
| 583 ## - ACTION NOTE | |
| Action | Condition reviewed |
| Time/date of action | 20120620 |
| Status | condition level 4 and 4 |
| 651 #4 - SUBJECT ADDED ENTRY--GEOGRAPHIC NAME | |
| Geographic name | Great Britain |
| Chronological subdivision | 1707- |
| 690 ## - LOCAL SUBJECT ADDED ENTRY--TOPICAL TERM (OCLC, RLIN) | |
| Topical term or geographic name as entry element | Measurement |
| 9 (RLIN) | 6256 |
| 942 ## - ADDED ENTRY ELEMENTS (KOHA) | |
| Suppress in OPAC | 0 |
| Withdrawn status | Lost status | Source of classification or shelving scheme | Damaged status | Not for loan | Home library | Current library | Shelving location | Date acquired | Total Checkouts | Full call number | Barcode | Date last seen | Copy number | Price effective from | Koha item type |
|---|---|---|---|---|---|---|---|---|---|---|---|---|---|---|---|
| Dewey Decimal Classification | Historic collection | Historic collection | Historic collection | 15/05/2012 | QUARTO 1848 REID | 30077951 | 06/08/2019 | 1 | 06/08/2019 | Book | |||||
| Dewey Decimal Classification | Historic collection | Historic collection | Historic collection | 25/07/2012 | QUARTO 1848 REID | 30077955 | 06/08/2019 | 2 | 06/08/2019 | Book |